000 00289nam a2200109Ia 4500
008 200302s9999 xx 000 0 und d
100 _aCarlo Soucek King
245 _aDesigning With Spirituality the Creative Touch
260 _bPBC International Inc.,
260 _c2000
300 _a160 P.,
999 _c1908
_d1908